000 02352cam a22003254a 4500
001 34251
003 BJBSDDR
005 20250326132137.0
007 ta
008 250326s2007 sp a 000 0 spa
020 _a 9788474764437
020 _a8474764432
040 _aDLC
_cDLC
_dDLC
_bspa
041 _aspa
042 _apcc
043 _ae-sp---
050 1 4 _aCIS H 1
_bC397 N.248
082 0 0 _a323.23/055.2
100 1 _aFernández Rodríguez, Carlos Jesús,
_d1974-
_941056
130 1 _aCentro de Investigaciones Sociológicas
_918941
245 1 0 _aEl discurso del Management : tiempo y narración /
_cCarlos Jesús Fernández Rodríguez.
250 _aprimera edición
260 _aMadrid :
_bCentro de Investigaciones Sociológicas,
_c2007.
300 _a379 páginas ;
_c21 cm.
440 0 _aColección Monografías (Centro de Investigaciones Sociológicas) ;
_95797
_v248
520 _aEl discurso del Management: tiempo y narración es un trabajo que pretende investigar, desde una perspectiva crítica, los discursos pro-empresariales que, desde hace varias décadas, gozan en las sociedades post-industriales de una hegemonía incuestionable. Las teorías de ambiciosos gurús de gestión empresarial o management han tenido un singular eco entre los altos directivos y las élites políticas, llegando algunas de sus obras a convertirse en best-sellers, y alcanzando una sorprendente influencia. Desde la dirección por objetivos a las técnicas empresariales japonesas, hasta la más reciente inteligencia emocional, el discurso managerial se ha esforzado porque los trabajadores incorporen conceptos como la calidad total, la cultura corporativa o la reingeniería a su vocabulario, con el objetivo de que aprendan a afrontar los requerimientos que, de ellos, se espera por parte de sus empleadores. En este libro, Carlos Jesús Fernández Rodríguez utiliza una metodología cualitativa basada en el análisis del discurso para indagar en los contenidos de estos best-sellers empresariales. Su objetivo es el de revelar lo que estos gurús han estado diciendo realmente durante décadas, que no es otra cosa que legitimar, de forma muy rentable para ellos, la organización del trabajo en el capitalismo.
650 4 _aAnálisis del discurso
_95499
650 4 _aGestión de empresas
_96542
942 _2lcc
_cBK
999 _c123070
_d123070